République Socialiste Soviétique de l'URSS (version complète) - Statistiques

Statistiques générales
  • Ce quiz a été pris 45 fois
  • Le résultat moyen est 13 sur 22
Statistiques - réponses
Réponse % Correct
Biélorussie
93%
Ukraine
93%
Russie
90%
Estonie
88%
Kazakhstan
88%
Lettonie
88%
Géorgie
86%
Lituanie
86%
Tadjikistan
86%
Arménie
83%
Moldavie
83%
Ouzbékistan
83%
Turkménistan
83%
Kirghizistan
81%
Azerbaïdjan
79%
Transcaucasie
7%
Abkhazie
5%
Bessarabie
0%
Boukhara
0%
Carélo-Finnoise
0%
Khorezm
0%
Lituano-Biélorusse
0%
Aucun quiz correspondant
Distribution des résultats
% des personnes avec chaque résultat
Percentile par nombre de réponses
Votre historique - résultats
Vous n’avez pas pris ce quiz